000 00365nam a22001577a 4500
005 20180321123601.0
008 160519b xxu||||| |||| 00| 0 eng d
041 _aeng
082 _b3250
_a338.5024658
100 _aMithani/D.M. Dr.
_9799
245 _aManagerial Economics
260 _bSanjeeva Book
300 _a448
650 _aManagement
_9241
942 _cBK
999 _c1104
_d1104